Toward a feminist theory of the state = Hacia una teoría feminista del estado /
Na minha lista:
| Autor principal: | |
|---|---|
| Formato: | Desconhecido |
| Idioma: | English |
| Publicado em: |
Cambridge, Mass :
Harvard University Press,
1989.
|
| Assuntos: | |
| Tags: |
Adicionar Tag
Sem tags, seja o primeiro a adicionar uma tag!
|
MARC
| LEADER | 000000000a22000000004500 | ||
|---|---|---|---|
| 001 | 014602 | ||
| 020 | |a 0674896459 | ||
| 041 | 0 | |a eng | |
| 082 | 0 | 4 | |a 305.42 |b M156t |
| 100 | 1 | |a MacKinnon, Catharine A. | |
| 245 | 1 | 0 | |a Toward a feminist theory of the state = |b Hacia una teoría feminista del estado / |c Catharine A. MacKinnon. |
| 246 | 3 | 1 | |a Hacia una teoría feminista del estado |
| 260 | 1 | |a Cambridge, Mass : |b Harvard University Press, |c 1989. | |
| 300 | |a 330 páginas ; |c 25 cm. | ||
| 650 | 4 | |a DERECHOS DE LA MUJER | |
| 650 | 4 | |a FEMINISMO | |
| 650 | 4 | |a ASPECTOS POLITICOS | |
| 650 | 4 | |a MUJERES | |
| 650 | 4 | |a ACTIVIDAD POLITICA | |
| 650 | 4 | |a SOCIALISMO | |
| 500 | |a Colección George Yúdice | ||
| 999 | |c 20486 |d 20486 | ||
| 942 | |c BK |h 305.42 M156t |2 z | ||



